Fr. Conceicao Rodrigues College of Engineering

Product Management in India (Record no. 23011)

MARC details
000 -LEADER
fixed length control field 00365nam a2200169Ia 4500
082 ## - DEWEY DECIMAL CLASSIFICATION NUMBER
Classification number 658.8/MAJ
Item number MAJ
100 ## - MAIN ENTRY--PERSONAL NAME
Personal name Majumdar/Ramanuj
250 ## - EDITION STATEMENT
Edition statement 3
245 ## - TITLE STATEMENT
Title Product Management in India
260 ## - PUBLICATION, DISTRIBUTION, ETC.
Name of publisher, distributor, etc. Prentice -Hall
Place of publication, distribution, etc. New Delhi
Date of publication, distribution, etc. 2007
366 ## - TRADE AVAILABILITY INFORMATION
Publishers's discount category 20
300 ## - PHYSICAL DESCRIPTION
Extent 430
546 ## - LANGUAGE NOTE
Language note ENGLISH
654 ## - SUBJECT ADDED ENTRY--FACETED TOPICAL TERMS
Focus term product management
942 ## - ADDED ENTRY ELEMENTS (KOHA)
Koha item type BOOK
Holdings
Withdrawn status Lost status Damaged status Not for loan Collection Home library Current library Date acquired Source of acquisition Cost, normal purchase price Inventory number Total Checkouts Full call number Barcode Date last seen Cost, replacement price Price effective from Koha item type
        CRC Fr. Agnel's C.Rodrigues College of Engineering Fr. Agnel's C.Rodrigues College of Engineering 17/03/2023 United Book Distributors 330.00 6278 dt 26/03/2008   658.8/MAJ MAJ 18593 17/03/2023 350.00   BOOK